000 00503nam a2200181Ia 4500
005 20250326125534.0
008 250326s9999 xx 000 0 und d
037 _aTextbook
040 _aFMSL
_beng
_cFMSL
041 _aeng
_2eng
084 _aS:6825 L1
_qFMSL
100 _aElliott's S
_9739259
245 0 _aQuick guides to speaking in public
_cElliott's S
260 _aLondon
_bLondon, Mercury House
_c1971
300 _a98p
942 _cTB
_hS:6825 L1
999 _c1278483
_d1278483